[Event "ODJM B 2019"]
[Site "Willingen GER"]
[Date "2019.06.14"]
[Round "8"]
[White "Zimmer, Luca"]
[Black "Hövert, Kai"]
[Result "1/2-1/2"]
[Termination "normal"]
[Board "10"]
[WhiteElo "1676"]
[BlackElo "1536"]
[PlyCount "90"]
[WhiteFideId "12921424"]
[BlackFideId "16266056"]
[EventCountry "GER"]
[EventRounds "9"]
[EventType "swiss"]
[EventDate "2019.06.08"]

1. e4 c5 2. d4 cxd4 3. c3 dxc3 4. Nxc3 e6 5. Nf3 Qc7 6. Nb5 Bb4+ 7. Bd2 Qa5 8.
Nd6+ Kf8 9. Nxc8 Nc6 10. Nd6 Nf6 11. Nc4 Qc5 12. Rc1 Nxe4 13. Ne3 Qd6 14. Be2
f6 15. a3 Nxd2 16. Nxd2 Ba5 17. b4 Bc7 18. Ndc4 Qf4 19. g3 Qd4 20. Qxd4 Nxd4
21. Rd1 Nxe2 22. Kxe2 d5 23. Nb2 Ke7 24. f4 Rhd8 25. Rhe1 h5 26. Kf1 Kf7 27. f5
Be5 28. fxe6+ Kxe6 29. Nd3 Bc3 30. Nxd5+ Bxe1 31. Nc7+ Kf5 32. Nxa8 Bxg3 33.
hxg3 Rxa8 34. Nf2 Ke6 35. Kg2 Rc8 36. Nd3 Kf5 37. Nc5 b6 38. Rd5+ Kg6 39. Ne4
Rc2+ 40. Rd2 Rc4 41. Kf3 f5 42. Rd6+ Kf7 43. Ng5+ Ke7 44. Re6+ Kf8 45. Re3 g6
1/2-1/2

[Event "ODJM B 2019"]
[Site "Willingen GER"]
[Date "2019.06.14"]
[Round "8"]
[White "Ebeling, Leander"]
[Black "Thumm, Felix"]
[Result "1-0"]
[Termination "normal"]
[Board "11"]
[WhiteElo "1694"]
[BlackElo "1836"]
[PlyCount "85"]
[WhiteFideId "16223179"]
[BlackFideId "12902209"]
[EventCountry "GER"]
[EventRounds "9"]
[EventType "swiss"]
[EventDate "2019.06.08"]

1. c4 e6 2. Nc3 Nf6 3. g3 d5 4. cxd5 exd5 5. d4 Nc6 6. Bg2 Be7 7. e3 Bf5 8. a3
Na5 9. Nge2 c6 10. O-O Qb6 11. b4 Nc4 12. Na4 Qc7 13. Nc5 a5 14. Bd2 b6 15. Na4
Ne4 16. Be1 O-O 17. Nac3 Ned6 18. Nf4 Qd7 19. b5 Ne4 20. bxc6 Qxc6 21. Nfxd5
Qe6 22. Nc7 Nb2 23. Nxe6 Nxd1 24. Nxe4 Bxe6 25. Rxd1 Bc4 26. Rb1 Rab8 27. a4
Rfc8 28. f4 Bxf1 29. Bxf1 Kf8 30. g4 h6 31. f5 Rd8 32. Bg3 Rb7 33. Ba6 Ra7 34.
Rxb6 Rda8 35. Bb5 Rc8 36. Kf2 Rc2+ 37. Kf3 Rc8 38. Nc5 Kg8 39. Rc6 Rd8 40. Bc7
Rc8 41. Bb6 Raa8 42. Rxc8+ Rxc8 43. Bxa5 1-0

[Event "ODJM B 2019"]
[Site "Willingen GER"]
[Date "2019.06.14"]
[Round "8"]
[White "Francois, Yannick"]
[Black "Esefelder, Richard"]
[Result "1/2-1/2"]
[Termination "normal"]
[Board "12"]
[WhiteElo "1643"]
[BlackElo "1627"]
[PlyCount "75"]
[WhiteFideId "16200918"]
[BlackFideId "16287487"]
[EventCountry "GER"]
[EventRounds "9"]
[EventType "swiss"]
[EventDate "2019.06.08"]

1. e4 e5 2. Nf3 d6 3. Bc4 Be7 4. c3 Nf6 5. d3 Nbd7 6. O-O h6 7. Re1 O-O 8. Nbd2
c6 9. Bb3 Nc5 10. Bc2 Bg4 11. h3 Bh5 12. g4 Bg6 13. Nf1 h5 14. g5 Nh7 15. h4 f6
16. d4 Nd7 17. Bb3+ Kh8 18. Qd2 fxg5 19. Nxg5 Nxg5 20. hxg5 Rf4 21. Ng3 Bxg5
22. Qe2 Rg4 23. Be6 Rh4 24. Bxg5 Qxg5 25. Bxd7 Bxe4 26. Bh3 Rf8 27. Bg2 Bxg2
28. Kxg2 Rg4 29. Rh1 Kg8 30. dxe5 h4 31. exd6 Rxg3+ 32. Kf1 Rg2 33. Qe6+ Kh8
34. Qe2 Rgxf2+ 35. Qxf2 Rxf2+ 36. Kxf2 Qd2+ 37. Kf1 Qd3+ 38. Kf2 1/2-1/2

[Event "ODJM B 2019"]
[Site "Willingen GER"]
[Date "2019.06.14"]
[Round "8"]
[White "Plum, Paul"]
[Black "Thumm, Niklas"]
[Result "1-0"]
[Termination "normal"]
[Board "14"]
[WhiteElo "1717"]
[BlackElo "1732"]
[PlyCount "51"]
[WhiteFideId "16225678"]
[BlackFideId "12918733"]
[EventCountry "GER"]
[EventRounds "9"]
[EventType "swiss"]
[EventDate "2019.06.08"]

1. e4 e5 2. Nf3 Nc6 3. Bc4 Bc5 4. c3 Nf6 5. d3 O-O 6. Nbd2 d6 7. Bb3 Bg4 8. h3
Be6 9. Bc2 d5 10. exd5 Nxd5 11. O-O f5 12. Nc4 e4 13. Ng5 Qf6 14. Nxe6 Qxe6 15.
Re1 Qd7 16. dxe4 fxe4 17. Be3 Bxe3 18. Nxe3 Nf6 19. Qxd7 Nxd7 20. Bxe4 Nde5 21.
Nd5 Rac8 22. b4 Rf7 23. b5 Na5 24. Bxh7+ Kxh7 25. Rxe5 c6 26. Ne7 1-0

[Event "ODJM B 2019"]
[Site "Willingen GER"]
[Date "2019.06.14"]
[Round "8"]
[White "Thorz, Maximilian"]
[Black "von der Weyden, Louis"]
[Result "1-0"]
[Termination "normal"]
[Board "15"]
[WhiteElo "1677"]
[BlackElo "1564"]
[PlyCount "97"]
[WhiteFideId "16220668"]
[BlackFideId "16207050"]
[EventCountry "GER"]
[EventRounds "9"]
[EventType "swiss"]
[EventDate "2019.06.08"]

1. d4 e6 2. c4 Nf6 3. Nc3 d5 4. cxd5 exd5 5. Bg5 Be7 6. e3 Bf5 7. Bd3 Bxd3 8.
Qxd3 Nbd7 9. f3 O-O 10. Nge2 Re8 11. O-O Rb8 12. Rac1 Rc8 13. Bh4 c5 14. Bf2 b6
15. Nf4 Nf8 16. dxc5 Bxc5 17. Nfxd5 Nxd5 18. Nxd5 Ng6 19. e4 Bxf2+ 20. Kxf2
Qh4+ 21. Kg1 Rcd8 22. Qb5 Qg5 23. Nc7 Re5 24. Qb4 Nf4 25. Rc2 Rc5 26. h4 Qg3
27. Rd2 Rxd2 28. Qxd2 Nh3+ 29. Kh1 Qxc7 30. Rd1 Kf8 31. gxh3 Rc2 32. Qb4+ Ke8
33. Rd2 Rxd2 34. Qxd2 Qg3 35. Qg2 Qxg2+ 36. Kxg2 Ke7 37. f4 Kd6 38. h5 h6 39.
Kf3 Kc5 40. Ke3 a5 41. Kd3 a4 42. Kc3 b5 43. a3 Kd6 44. Kd4 Kc6 45. e5 Kb6 46.
Kd5 Ka5 47. f5 Kb6 48. Kd6 Kb7 49. Kd7 1-0

[Event "ODJM B 2019"]
[Site "Willingen GER"]
[Date "2019.06.14"]
[Round "8"]
[White "Ortlepp, Klaudia"]
[Black "Petrosyan, Tigran"]
[Result "1-0"]
[Termination "normal"]
[Board "16"]
[WhiteElo "1570"]
[BlackElo "1603"]
[PlyCount "87"]
[WhiteFideId "16206045"]
[BlackFideId "12962783"]
[EventCountry "GER"]
[EventRounds "9"]
[EventType "swiss"]
[EventDate "2019.06.08"]

1. e4 c6 2. d4 d5 3. Nc3 dxe4 4. Nxe4 Nf6 5. Ng3 e6 6. Nf3 Be7 7. Bd3 O-O 8.
O-O b6 9. Qe2 Bb7 10. c3 c5 11. Be3 Nd5 12. Rad1 Nc6 13. Bb1 Qc7 14. Qc2 f5 15.
Rfe1 Nxe3 16. Rxe3 Rf6 17. Rde1 cxd4 18. cxd4 Bb4 19. R1e2 Ba6 20. Rxe6 Bxe2
21. Rxf6 gxf6 22. Nxe2 Qd7 23. Qc4+ Kg7 24. d5 Rd8 25. Nf4 Kf8 26. Ne6+ Qxe6
27. dxe6 Rd1+ 28. Qf1 Rxf1+ 29. Kxf1 Ne7 30. Nd4 Bd6 31. Ke2 Be5 32. Kd3 Bxh2
33. g3 f4 34. Ne2 fxg3 35. Nxg3 Bxg3 36. fxg3 Nf5 37. g4 Nh6 38. Kd4 Nxg4 39.
Bxh7 Ke7 40. Bf5 Nh6 41. Ke4 Kd6 42. Bh3 a6 43. a4 a5 44. b3 1-0

[Event "ODJM B 2019"]
[Site "Willingen GER"]
[Date "2019.06.14"]
[Round "8"]
[White "Brügmann, Kai"]
[Black "Naumenko, Valerija"]
[Result "1/2-1/2"]
[Termination "normal"]
[Board "17"]
[WhiteElo "1555"]
[BlackElo "1606"]
[PlyCount "59"]
[WhiteFideId "16287460"]
[BlackFideId "16222890"]
[EventCountry "GER"]
[EventRounds "9"]
[EventType "swiss"]
[EventDate "2019.06.08"]

1. e4 e5 2. Nf3 Nc6 3. Bc4 Bc5 4. c3 Nf6 5. d3 d6 6. O-O a6 7. a4 h6 8. Nbd2
Ba7 9. h3 g5 10. b4 Qe7 11. Bb2 Nd8 12. d4 g4 13. hxg4 Bxg4 14. b5 a5 15. Re1
Ne6 16. Bxe6 Qxe6 17. d5 Qe7 18. Nf1 Nh5 19. Ne3 Qd7 20. Nxg4 Qxg4 21. Nh2 Qg6
22. Qg4 Rg8 23. Qxg6 Rxg6 24. Bc1 Kd7 25. Be3 Bxe3 26. Rxe3 Rag8 27. g3 Nf6 28.
Nf3 Rg4 29. Rae1 b6 30. Nh2 1/2-1/2

[Event "ODJM B 2019"]
[Site "Willingen GER"]
[Date "2019.06.14"]
[Round "8"]
[White "Ewerhardy, Moritz"]
[Black "Hoppe, Nico"]
[Result "0-1"]
[Termination "normal"]
[Board "18"]
[WhiteElo "1654"]
[BlackElo "1692"]
[PlyCount "56"]
[WhiteFideId "36052086"]
[BlackFideId "16225520"]
[EventCountry "GER"]
[EventRounds "9"]
[EventType "swiss"]
[EventDate "2019.06.08"]

1. d4 Nf6 2. c4 e5 3. dxe5 Ne4 4. Nf3 Nc6 5. Qc2 Bb4+ 6. Bd2 Nxd2 7. Nbxd2 Qe7
8. a3 Bxd2+ 9. Nxd2 Nxe5 10. e3 d6 11. Be2 O-O 12. O-O Be6 13. Nf3 a5 14. b3 b6
15. Rac1 Bg4 16. Nd4 Qg5 17. f4 Qh6 18. fxe5 Qxe3+ 19. Rf2 Qxd4 20. Bxg4 Qxg4
21. exd6 cxd6 22. Rd1 Rfe8 23. Rfd2 Rad8 24. Rxd6 Rxd6 25. Rxd6 Re1+ 26. Kf2
Qh4+ 27. g3 Qxh2+ 28. Kxe1 Qxg3+ 0-1

[Event "ODJM B 2019"]
[Site "Willingen GER"]
[Date "2019.06.14"]
[Round "8"]
[White "Laag, Pascal"]
[Black "Zell, Mirjam"]
[Result "1/2-1/2"]
[Termination "normal"]
[Board "19"]
[WhiteElo "1699"]
[BlackElo "1660"]
[PlyCount "43"]
[WhiteFideId "16256069"]
[BlackFideId "16208544"]
[EventCountry "GER"]
[EventRounds "9"]
[EventType "swiss"]
[EventDate "2019.06.08"]

1. e4 e5 2. Nf3 Nc6 3. d4 exd4 4. Bc4 h6 5. O-O Bc5 6. c3 d3 7. Qxd3 d6 8. Rd1
Bg4 9. b4 Bb6 10. Bf4 Qf6 11. g3 g5 12. e5 dxe5 13. b5 gxf4 14. bxc6 fxg3 15.
cxb7 gxf2+ 16. Kf1 Bh3+ 17. Ke2 f1=Q+ 18. Rxf1 Bxf1+ 19. Kxf1 Rb8 20. Qe4 Ne7
21. Nbd2 c6 22. Ba6 1/2-1/2

[Event "ODJM B 2019"]
[Site "Willingen GER"]
[Date "2019.06.14"]
[Round "8"]
[White "Alhamid, Mohamad"]
[Black "Garbuz, Nicole"]
[Result "1/2-1/2"]
[Termination "normal"]
[Board "20"]
[WhiteElo "1672"]
[BlackElo "1650"]
[PlyCount "63"]
[WhiteFideId "16235665"]
[BlackFideId "12990701"]
[EventCountry "GER"]
[EventRounds "9"]
[EventType "swiss"]
[EventDate "2019.06.08"]

1. e4 e5 2. Nf3 Nc6 3. Bc4 Bc5 4. c3 Nf6 5. d4 exd4 6. cxd4 Bb4+ 7. Nc3 O-O 8.
Bg5 h6 9. Bxf6 Qxf6 10. O-O Bxc3 11. bxc3 d6 12. h3 Qg6 13. Qd3 Na5 14. Bb3
Nxb3 15. axb3 d5 16. Rfe1 dxe4 17. Qxe4 Bxh3 18. Qxg6 fxg6 19. Re7 Bf5 20. Rxc7
Be4 21. Ne5 Rfc8 22. Rxc8+ Rxc8 23. c4 a6 24. f3 Bc2 25. b4 Bb3 26. d5 Bxc4 27.
Rc1 b5 28. Nxg6 Kh7 29. Ne5 Rd8 30. Nxc4 bxc4 31. Rd1 c3 32. Rc1 1/2-1/2

[Event "ODJM B 2019"]
[Site "Willingen GER"]
[Date "2019.06.14"]
[Round "8"]
[White "Chromey, Tamir"]
[Black "Sperling, Niclas"]
[Result "1/2-1/2"]
[Termination "normal"]
[Board "21"]
[WhiteElo "1627"]
[BlackElo "1720"]
[PlyCount "71"]
[WhiteFideId "16287479"]
[BlackFideId "16204000"]
[EventCountry "GER"]
[EventRounds "9"]
[EventType "swiss"]
[EventDate "2019.06.08"]

1. e4 c5 2. c3 d6 3. d4 cxd4 4. cxd4 Nc6 5. Nc3 Nf6 6. Nf3 g6 7. Be2 Bg7 8. O-O
O-O 9. h3 a6 10. Be3 b5 11. a3 Bb7 12. Re1 Rc8 13. Bd3 Nd7 14. Qd2 Na5 15. Qe2
Nb6 16. Nd2 Nbc4 17. Nxc4 Nxc4 18. Bxc4 Rxc4 19. Red1 Qa8 20. f3 Rfc8 21. Rac1
d5 22. e5 e6 23. f4 Bf8 24. Na2 a5 25. Kh1 b4 26. axb4 axb4 27. b3 Rxc1 28.
Rxc1 Rxc1+ 29. Nxc1 Qa1 30. Kh2 Ba6 31. Qd2 Qc3 32. Kg3 Be7 33. Kf3 Kg7 34. g3
Bd8 35. Kf2 Be7 36. Kf3 1/2-1/2

[Event "ODJM B 2019"]
[Site "Willingen GER"]
[Date "2019.06.14"]
[Round "8"]
[White "Schilay, Eva"]
[Black "Bardorz, Stefan"]
[Result "1-0"]
[Termination "normal"]
[Board "22"]
[WhiteElo "1628"]
[BlackElo "1646"]
[PlyCount "27"]
[WhiteFideId "12930164"]
[BlackFideId "16245474"]
[EventCountry "GER"]
[EventRounds "9"]
[EventType "swiss"]
[EventDate "2019.06.08"]

1. Nc3 e5 2. Nf3 Nc6 3. d4 exd4 4. Nxd4 Qf6 5. Ndb5 Kd8 6. Nxc7 Rb8 7. N7d5 Qg6
8. g3 Bc5 9. Be3 Bxe3 10. Nxe3 Nf6 11. Bg2 Re8 12. Qd2 Ke7 13. O-O-O d6 14.
Qxd6# 1-0

[Event "ODJM B 2019"]
[Site "Willingen GER"]
[Date "2019.06.14"]
[Round "8"]
[White "von Jan, Lena"]
[Black "Ebeling, Gereon"]
[Result "1/2-1/2"]
[Termination "normal"]
[Board "23"]
[WhiteElo "1512"]
[BlackElo "1588"]
[PlyCount "59"]
[WhiteFideId "12946060"]
[BlackFideId "16223160"]
[EventCountry "GER"]
[EventRounds "9"]
[EventType "swiss"]
[EventDate "2019.06.08"]

1. e4 e6 2. d4 d5 3. exd5 exd5 4. Bd3 Bd6 5. Ne2 Nc6 6. c3 Nge7 7. Bf4 Bg4 8.
Bg3 Qd7 9. Qb3 Na5 10. Qb5 Bxg3 11. hxg3 Qxb5 12. Bxb5+ c6 13. Bd3 b6 14. Nd2
Kd7 15. Nf4 Ng6 16. Nxg6 hxg6 17. Rxh8 Rxh8 18. f3 Rh1+ 19. Nf1 Bf5 20. Bxf5+
gxf5 21. Kf2 Nc4 22. Rb1 c5 23. b3 Na3 24. Rd1 c4 25. Re1 f6 26. Ne3 Rxe1 27.
Kxe1 Ke6 28. Kd2 cxb3 29. axb3 b5 30. b4 1/2-1/2

[Event "ODJM B 2019"]
[Site "Willingen GER"]
[Date "2019.06.14"]
[Round "8"]
[White "Reuter, Max"]
[Black "Puls, Luisa"]
[Result "1-0"]
[Termination "normal"]
[Board "24"]
[WhiteElo "1545"]
[BlackElo "1465"]
[PlyCount "85"]
[WhiteFideId "16263715"]
[BlackFideId "16266005"]
[EventCountry "GER"]
[EventRounds "9"]
[EventType "swiss"]
[EventDate "2019.06.08"]

1. d4 Nf6 2. c4 c5 3. Nf3 g6 4. e3 Bg7 5. Nc3 cxd4 6. exd4 O-O 7. g3 d6 8. Bg2
Nc6 9. O-O Bf5 10. Be3 Rc8 11. b3 Nb4 12. a3 Nc6 13. Rc1 Na5 14. Re1 Ne4 15.
Nxe4 Bxe4 16. Nd2 Bxg2 17. Kxg2 Nc6 18. Nb1 e6 19. b4 d5 20. b5 Na5 21. c5 e5
22. dxe5 Bxe5 23. Bh6 Re8 24. Rc2 d4 25. Qf3 Qf6 26. Qxf6 Bxf6 27. Rxe8+ Rxe8
28. a4 d3 29. Rc1 Rd8 30. Nd2 Rd4 31. Re1 Rd8 32. Rc1 Bb2 33. Rd1 Bc3 34. Ne4
Bg7 35. Bxg7 Kxg7 36. Nd6 b6 37. Rxd3 bxc5 38. Nf5+ gxf5 39. Rxd8 c4 40. Rc8
Kg6 41. Kf3 Kf6 42. Ke3 Ke5 43. Rc7 1-0

[Event "ODJM B 2019"]
[Site "Willingen GER"]
[Date "2019.06.14"]
[Round "8"]
[White "Rempe, Janne"]
[Black "Bilecen, Simon"]
[Result "0-1"]
[Termination "normal"]
[Board "25"]
[WhiteElo "1720"]
[BlackElo "1669"]
[PlyCount "66"]
[WhiteFideId "16202392"]
[BlackFideId "16225511"]
[EventCountry "GER"]
[EventRounds "9"]
[EventType "swiss"]
[EventDate "2019.06.08"]

1. d4 d5 2. Nf3 Nf6 3. Bf4 c5 4. e3 Nc6 5. c3 Qb6 6. b3 Bf5 7. Bd3 Bxd3 8. Qxd3
e6 9. O-O Be7 10. Nbd2 O-O 11. Ng5 h6 12. Ngf3 Rac8 13. e4 dxe4 14. Nxe4 Rfd8
15. Be3 cxd4 16. cxd4 Nb4 17. Nxf6+ Bxf6 18. Qd2 Rc2 19. Qd1 Rxa2 20. Rxa2 Nxa2
21. Qa1 Nb4 22. Qc3 Nd5 23. Qd3 Rc8 24. Bd2 Nb4 25. Qe3 Nc2 26. Qd3 Nxd4 27.
Be3 Nxf3+ 28. gxf3 Qa5 29. Kh1 Rd8 30. Qe4 b6 31. Rg1 Kf8 32. Qb7 Qd5 33. Qxa7
Qxf3+ 0-1

[Event "ODJM B 2019"]
[Site "Willingen GER"]
[Date "2019.06.14"]
[Round "8"]
[White "Peglau, Sarah"]
[Black "Kolb, Verena"]
[Result "1/2-1/2"]
[Termination "normal"]
[Board "26"]
[WhiteElo "1471"]
[BlackElo "1649"]
[PlyCount "147"]
[WhiteFideId "16219961"]
[BlackFideId "12992313"]
[EventCountry "GER"]
[EventRounds "9"]
[EventType "swiss"]
[EventDate "2019.06.08"]

1. e4 c6 2. Nf3 d5 3. Nc3 Nf6 4. e5 Nfd7 5. d4 Nb6 6. Bd3 Bg4 7. O-O e6 8. Nb1
c5 9. c3 Nc6 10. Be3 Nd7 11. Nbd2 Qb6 12. Qc2 cxd4 13. cxd4 Nb4 14. Qc3 Nxd3
15. Qxd3 Bf5 16. Qb3 Be7 17. Rac1 O-O 18. Qxb6 Nxb6 19. Rc7 Bd8 20. Rxb7 Bd3
21. Rc1 Ba6 22. Rxb6 Bxb6 23. Nb3 Rfc8 24. Nc5 Bc4 25. b3 Bb5 26. Nd2 a5 27. f4
Rc7 28. Kf2 Rd8 29. Nf3 Kf8 30. Ke1 Ke7 31. Kd2 f6 32. exf6+ gxf6 33. g3 Be8
34. Ke1 Bh5 35. Kf2 Kf7 36. h3 Bxf3 37. Kxf3 Bxc5 38. dxc5 Rdc8 39. Rd1 Rd8 40.
Bd4 Rdc8 41. Be3 Ke7 42. Rd2 Kd7 43. f5 Rxc5 44. Bxc5 Rxc5 45. fxe6+ Kxe6 46.
Kf4 Rc3 47. Re2+ Kf7 48. Re3 Rc2 49. a3 Ra2 50. a4 Rf2+ 51. Kg4 Rd2 52. Rc3 d4
53. Rc5 Rd3 54. Rb5 Kg6 55. Kf4 Re3 56. h4 h6 57. h5+ Kf7 58. Rxa5 Rxb3 59. Rd5
Rb4 60. a5 Ke6 61. Rd8 Rb5 62. Rxd4 Rxa5 63. g4 Rb5 64. Rd8 Kf7 65. Rd7+ Kg8
66. Re7 Ra5 67. Rd7 Rb5 68. Ke4 Rg5 69. Kf4 Rb5 70. Rd4 Kf7 71. Ke4 Re5+ 72.
Kf4 Rb5 73. Rd7+ Kg8 74. Rc7 1/2-1/2

[Event "ODJM B 2019"]
[Site "Willingen GER"]
[Date "2019.06.14"]
[Round "8"]
[White "Kuschminder, Paul"]
[Black "Niemann, Leon Pascal"]
[Result "0-1"]
[Termination "normal"]
[Board "27"]
[WhiteElo "1495"]
[BlackElo "1702"]
[PlyCount "124"]
[WhiteFideId "16252551"]
[BlackFideId "16218388"]
[EventCountry "GER"]
[EventRounds "9"]
[EventType "swiss"]
[EventDate "2019.06.08"]

1. d4 Nf6 2. Bf4 g6 3. Nf3 Bg7 4. e3 O-O 5. Nbd2 d6 6. Bd3 Nbd7 7. h3 c5 8. c3
Qa5 9. O-O a6 10. a4 Qc7 11. Qe2 b6 12. Rfc1 Bb7 13. Bh2 Qc8 14. Ng5 d5 15. b3
e6 16. Ngf3 Bc6 17. Ne5 Nxe5 18. Bxe5 Nd7 19. Bxg7 Kxg7 20. f4 Qb7 21. Nf3 b5
22. Bc2 bxa4 23. bxa4 c4 24. Rcb1 Qc7 25. Ne5 Nb6 26. Nxc6 Qxc6 27. Rb4 Rfb8
28. Rab1 Nd7 29. Qd1 a5 30. Rb5 Rxb5 31. axb5 Qd6 32. Ra1 Nb6 33. Ba4 f6 34.
Kf2 e5 35. g3 exf4 36. exf4 Re8 37. Bc2 Qe6 38. Qe1 Qxe1+ 39. Rxe1 Rxe1 40.
Kxe1 Kf7 41. f5 g5 42. Kd2 Ke7 43. Kc1 Kd6 44. Bd1 Nc8 45. Kb2 Ne7 46. g4 Kc7
47. Ka3 Kb6 48. Ka4 Nc8 49. Bf3 Nd6 50. Bxd5 Nxb5 51. Bxc4 Nxc3+ 52. Kb3 Nb5
53. d5 Kc5 54. Bf1 Nd4+ 55. Ka4 Kxd5 56. Kxa5 Ke5 57. Kb6 Nxf5 58. gxf5 Kxf5
59. Bd3+ Ke5 60. Bxh7 f5 61. Kc5 g4 62. Bxf5 g3 0-1

[Event "ODJM B 2019"]
[Site "Willingen GER"]
[Date "2019.06.14"]
[Round "8"]
[White "Hallfarth, Luise"]
[Black "Glöckl, Simon"]
[Result "0-1"]
[Termination "normal"]
[Board "28"]
[WhiteElo "1518"]
[BlackElo "1586"]
[PlyCount "70"]
[WhiteFideId "16250222"]
[BlackFideId "16266072"]
[EventCountry "GER"]
[EventRounds "9"]
[EventType "swiss"]
[EventDate "2019.06.08"]

1. e4 c5 2. Nf3 d6 3. d4 cxd4 4. Nxd4 Nf6 5. Nc3 a6 6. Bc4 e5 7. Nde2 Be7 8.
O-O O-O 9. f4 Be6 10. Bb3 Nc6 11. f5 Bxb3 12. cxb3 b5 13. a3 Rc8 14. Ng3 Qb6+
15. Kh1 Rfd8 16. Rf3 Qb7 17. Nf1 Nd4 18. Re3 d5 19. exd5 Nxd5 20. Rxe5 Nxc3 21.
bxc3 Bf6 22. Re3 Nxf5 23. Rd3 g6 24. Bb2 Qe4 25. Rxd8+ Rxd8 26. Qe1 Qc2 27. Rb1
Qxb3 28. Nd2 Qd5 29. Ne4 Bg7 30. h3 Qxe4 31. Qxe4 Ng3+ 32. Kg1 Nxe4 33. Re1
Nxc3 34. Bxc3 Bxc3 35. Re3 Bd4 0-1

[Event "ODJM B 2019"]
[Site "Willingen GER"]
[Date "2019.06.14"]
[Round "8"]
[White "Kublanov, Carolin"]
[Black "Seliokaite, Ana"]
[Result "1-0"]
[Termination "normal"]
[Board "29"]
[WhiteElo "1748"]
[BlackElo "1464"]
[PlyCount "55"]
[WhiteFideId "12944548"]
[BlackFideId "16224817"]
[EventCountry "GER"]
[EventRounds "9"]
[EventType "swiss"]
[EventDate "2019.06.08"]

1. d4 Nf6 2. Nf3 g6 3. Nbd2 d5 4. e3 Bg7 5. b3 O-O 6. Bb2 Nbd7 7. Bd3 c5 8. O-O
b6 9. Ne5 Nxe5 10. dxe5 Ng4 11. Nf3 Qc7 12. Rb1 Nxe5 13. Nxe5 Bxe5 14. Bxe5
Qxe5 15. Qd2 Bb7 16. f4 Qf6 17. f5 Qg5 18. Rf3 d4 19. Rg3 Qf6 20. e4 Qe5 21.
Rf1 Kg7 22. Rh3 Rh8 23. Qh6+ Kg8 24. Bc4 Qxe4 25. Rg3 Bd5 26. Bxd5 Qxd5 27.
fxg6 hxg6 28. Rxg6+ 1-0

[Event "ODJM B 2019"]
[Site "Willingen GER"]
[Date "2019.06.14"]
[Round "8"]
[White "Hierl, Johannes"]
[Black "Lange, Malina"]
[Result "0-1"]
[Termination "normal"]
[Board "30"]
[WhiteElo "1327"]
[BlackElo "1562"]
[PlyCount "42"]
[WhiteFideId "16235096"]
[BlackFideId "16228952"]
[EventCountry "GER"]
[EventRounds "9"]
[EventType "swiss"]
[EventDate "2019.06.08"]

1. Nc3 Nf6 2. d4 d5 3. Bf4 Bf5 4. e3 e6 5. Nb5 Na6 6. Nf3 c6 7. Na3 Bxa3 8.
bxa3 Qa5+ 9. Nd2 Qxa3 10. Bxa6 Qxa6 11. f3 h5 12. Kf2 O-O 13. Bg5 Nh7 14. f4
Bg4 15. Nf3 Qa4 16. h3 Bf5 17. Ne1 f6 18. Bh4 e5 19. dxe5 fxe5 20. Nd3 exf4 21.
Nxf4 Qxc2+ 0-1

[Event "ODJM B 2019"]
[Site "Willingen GER"]
[Date "2019.06.14"]
[Round "8"]
[White "Stepanov, Maximilian"]
[Black "Schneider, Anna"]
[Result "0-1"]
[Termination "normal"]
[Board "31"]
[WhiteElo "1615"]
[BlackElo "1589"]
[PlyCount "94"]
[WhiteFideId "16244680"]
[BlackFideId "16200527"]
[EventCountry "GER"]
[EventRounds "9"]
[EventType "swiss"]
[EventDate "2019.06.08"]

1. d4 d5 2. c4 e6 3. Nc3 c5 4. cxd5 cxd4 5. Qxd4 Nc6 6. Qd1 exd5 7. Qxd5 Be6 8.
Qd1 Qxd1+ 9. Kxd1 Rd8+ 10. Bd2 Nf6 11. e3 Bb4 12. f3 Nd5 13. Ke1 O-O 14. e4
Nxc3 15. bxc3 Bc5 16. Bb5 Ne5 17. Ne2 a6 18. f4 Ng4 19. Ba4 Nf2 20. Rf1 Nd3+
21. Kd1 Nb2+ 22. Kc2 Nxa4 23. Ng3 Bc4 24. Rf3 Rd7 25. Nf5 Rfd8 26. Bc1 Bd3+ 27.
Kb3 Bxe4 28. Nh6+ Kf8 29. Rg3 gxh6 30. Kxa4 Bc2+ 31. Ka5 Ra8 32. Rb1 Bxb1 33.
c4 b6+ 34. Ka4 Bc2+ 35. Rb3 Bxb3+ 36. Kxb3 b5 37. cxb5 axb5 38. f5 Kg7 39. f6+
Kxf6 40. Bb2+ Kg6 41. h4 Ba3 42. Be5 Rd3+ 43. Kc2 Rad8 44. h5+ Kxh5 45. g4+
Kxg4 46. Bc3 Rxc3+ 47. Kxc3 h5 0-1

[Event "ODJM B 2019"]
[Site "Willingen GER"]
[Date "2019.06.14"]
[Round "8"]
[White "Abou Wally, Adrian"]
[Black "Rabe, Maximilian"]
[Result "1/2-1/2"]
[Termination "normal"]
[Board "33"]
[WhiteElo "1342"]
[BlackElo "1628"]
[PlyCount "87"]
[WhiteFideId "16245113"]
[BlackFideId "12982911"]
[EventCountry "GER"]
[EventRounds "9"]
[EventType "swiss"]
[EventDate "2019.06.08"]

1. e4 a6 2. d4 b5 3. Nc3 Bb7 4. Bd3 Nf6 5. f3 e6 6. e5 Nd5 7. Nxd5 Bxd5 8. Be3
d6 9. Ne2 Nd7 10. exd6 Bxd6 11. O-O Qh4 12. g3 Qf6 13. Be4 O-O-O 14. Bxd5 exd5
15. Qd2 h6 16. f4 Rde8 17. Bf2 g5 18. fxg5 hxg5 19. Be1 Qh6 20. Nc3 Qh5 21. Qg2
b4 22. Nxd5 Re2 23. Rf2 Rhe8 24. Kf1 Rxf2+ 25. Qxf2 g4 26. Ne3 Bf8 27. c3 Bh6
28. Nc2 Qb5+ 29. Kg1 Re2 30. a4 Rxf2 31. axb5 Rxc2 32. bxa6 Rc1 33. Rxc1 Bxc1
34. cxb4 Be3+ 35. Bf2 Bxf2+ 36. Kxf2 Nf6 37. b5 Nd5 38. Ke2 Kb8 39. Kd3 Ka7 40.
Ke4 Ne7 41. Ke5 Kb6 42. Kf6 Nd5+ 43. Kxf7 Kxb5 44. Ke6 1/2-1/2

[Event "ODJM B 2019"]
[Site "Willingen GER"]
[Date "2019.06.14"]
[Round "8"]
[White "Maul, Maik Joel"]
[Black "Cheredzhiyska, Iva"]
[Result "1/2-1/2"]
[Termination "normal"]
[Board "34"]
[WhiteElo "1590"]
[BlackElo "1581"]
[PlyCount "96"]
[WhiteFideId "16204816"]
[BlackFideId "16241622"]
[EventCountry "GER"]
[EventRounds "9"]
[EventType "swiss"]
[EventDate "2019.06.08"]

1. d4 d5 2. Nc3 Nf6 3. Bf4 a6 4. e3 e6 5. Bd3 c5 6. a3 Nc6 7. Nf3 c4 8. Be2 Nh5
9. Ne5 Nxf4 10. exf4 Qb6 11. Na4 Qxd4 12. Nxc6 Qxd1+ 13. Rxd1 bxc6 14. O-O Bd6
15. Nb6 Rb8 16. Nxc8 Rxc8 17. Bxc4 Rb8 18. b4 Bxf4 19. Bxa6 O-O 20. c4 Rb6 21.
b5 dxc4 22. a4 cxb5 23. axb5 c3 24. Rd4 Be5 25. Rc4 Rd8 26. Re1 Bf6 27. Rc6 Rd6
28. Rc8+ Rd8 29. Rc6 Rxc6 30. bxc6 Be5 31. Rc1 Ra8 32. Bb7 Ra3 33. Kf1 g6 34.
Ke2 Ra2+ 35. Kf3 Ra3 36. Ke4 Bc7 37. Kd3 Ba5 38. Kc4 Kf8 39. Rc2 Ke7 40. Kc5
Rb3 41. Kc4 Rb2 42. Rxc3 Bxc3 43. c7 Rxb7 44. c8=Q Rb1 45. Qc7+ Ke8 46. Qc6+
Ke7 47. Qa6 Be5 48. Qa3+ Bd6 1/2-1/2